000 00429nam a2200133Ia 4500
008 231129s1984||||xx |||||||||||||| ||spa||
040 _bspa
082 _a986.1044 H557pr
100 _aHernandez de Alba Guillermo
245 0 _aProceso contra Don Antonio Narino : por la publicacion clandestina de la declaracion de los derechos del hombre y del ciudadano
260 _c1984
264 _aImprenta Nacional
942 _2ddc
_cBKS
999 _c23287
_d23287